Oeuvres complètes de Thomas Reid, chef de l'école écossaise / (Record no. 163204)

MARC details
000 -LEADER
campo de control de longitud fija 01840nam a22002415i 4500
001 - NÚMERO DE CONTROL
campo de control 163204
003 - IDENTIFICADOR DE NÚMERO DE CONTROL
campo de control ES-MaACL
005 - FECHA Y HORA DE LA ÚLTIMA TRANSACCIÓN
campo de control 20250928121054.0
008 - DATOS DE LONGITUD FIJA--INFORMACIÓN GENERAL
campo de control de longitud fija 970213m18281836fr |||| | fre d
040 ## - FUENTE DE CATALOGACIÓN
Centro catalogador/agencia de origen CYL
Lengua de catalogación spa
Centro/agencia transcriptor CYL
Centro/agencia modificador CCPB | CAM
100 0# - ENTRADA PRINCIPAL--NOMBRE DE PERSONA
Nombre de persona Reid, Thomas.
9 (RLIN) 95981
245 10 - MENCIÓN DEL TÍTULO
Título Oeuvres complètes de Thomas Reid, chef de l'école écossaise /
Mención de responsabilidad, etc. publiées par M. Th. Jouffroy ; avec des fragments de M. Royer-Collard, et une introduction de l'éditeur...
260 ## - PUBLICACIÓN, DISTRIBUCIÓN, ETC.
Lugar de publicación, distribución, etc. Paris :
Nombre del editor, distribuidor, etc. Victor Masson,
Fecha de publicación, distribución, etc. 1828-1836 (
Fabricante Imprimerie de E. Duverger)
300 ## - DESCRIPCIÓN FÍSICA
Extensión 6 v. ;
Dimensiones 21 cm.
505 8# - NOTA DE CONTENIDO CON FORMATO
Nota de contenido con formato Contiene: I. Préface du traducteur. Notices bibliographiques sur l'école écossaise depuis Hutcheson jusqu'à nos jours. Vie de Reid par Dugald-Stewart. Essai sur la quantité. Analyse de la Logique d'Aristote. - "V. Masson", 1836. (La couverture porte : "1835".) ; II. Recherches sur l'entendement humain d'après les principes du sens commun. - "A. Sautelet", 1828 ; III-IV. Essais sur les facultés intellectuelles de l'homme. - "A. Sautelet", 1828 ; V. Essais sur les facultés intellectuelles de l'homme. Essais sur les facultés actives de l'homme. - "A. Sautelet", 1829 ; VI. Essais sur les facultés actives de l'homme. - "A. Sautelet", 1829
596 ## - NOTA AL PIE DE IMPRENTA
NOTA AL PIE DE IMPRENTA T. II-VI editados por Alexandre Mesnier, libraire e impresos en la Imprimerie de Gaultier-Laguionie.
596 ## - NOTA AL PIE DE IMPRENTA
NOTA AL PIE DE IMPRENTA En los prelim. del t. I. se piden desculpas por los años que han transcurrido entre la publicación de los t. II-VI (1826-1828) y el t. I. (1836)
597 ## - NOTA DE DESCRIPCIÓN FÍSICA
NOTA DE DESCRIPCIÓN FÍSICA T. I. (III, CCXL, 212 p.) -- T.II (394 p.) -- t. III. (452 p.) -- t. IV (455 p.) -- T V. (418 p.) -- t. VI (436 p.)
700 ## - ENTRADA AGREGADA--NOMBRE PERSONAL
Nombre de persona Jouffroy, Théodore,
Fechas asociadas al nombre 1796-1842
9 (RLIN) 222573
700 1# - ENTRADA AGREGADA--NOMBRE PERSONAL
Nombre de persona Royer-Collard, Pierre-Paul.
9 (RLIN) 100216
852 ## - LOCALIZACIÓN
Ubicación ES-MaACL
Número de control de estantería G-8201-06
Nota libre -- Enc. hol.
Holdings
Estatus retirado Estado de pérdida Estado de daño No para préstamo Colección Biblioteca de origen Biblioteca actual Ubicación en estantería Fecha de adquisición Total de préstamos Signatura topográfica completa Código de barras Visto por última vez Precio de reemplazo Tipo de ítem Koha
        Libros del s. XIX Biblioteca del Ateneo de Madrid Biblioteca del Ateneo de Madrid Sala Pecera Planta 3 17/01/2008   G-8201-06 1171017 23/02/2023 23/02/2023 Libro impreso antiguo